<?xml version='1.0' encoding='UTF-8'?>
  <record xmlns="http://www.loc.gov/MARC21/slim">
    <leader>00000cam a22000007i 4500</leader>
    <controlfield tag="001">ocm67866586</controlfield>
    <controlfield tag="003">OCoLC</controlfield>
    <controlfield tag="005">20250301015621.9</controlfield>
    <controlfield tag="008">990506s1799    ne            000 0 dut d</controlfield>
    <datafield tag="040" ind1=" " ind2=" ">
      <subfield code="a">NLGGC</subfield>
      <subfield code="b">dut</subfield>
      <subfield code="e">fobidrtb</subfield>
      <subfield code="c">NLGGC</subfield>
      <subfield code="d">OCLCL</subfield>
      <subfield code="d">OCLCQ</subfield>
    </datafield>
    <datafield tag="029" ind1="0" ind2=" ">
      <subfield code="a">NLGGC</subfield>
      <subfield code="b">182369706</subfield>
    </datafield>
    <datafield tag="035" ind1=" " ind2=" ">
      <subfield code="a">(OCoLC)67866586</subfield>
    </datafield>
    <datafield tag="100" ind1="1" ind2=" ">
      <subfield code="a">Reijden, Dirk van der.</subfield>
    </datafield>
    <datafield tag="245" ind1="1" ind2="0">
      <subfield code="a">Gezangen ter viering van het Pinksterfeest, ten dienste van het godsdienstig zang-gezelschap, ten spreuke hebbende, door ijver nuttig, en door het zelve gezongen, in de Episcopale kerk te Rotterdam op den 13 meij 1799 ... /</subfield>
      <subfield code="c">door D. van der  Reijden.</subfield>
    </datafield>
    <datafield tag="260" ind1=" " ind2=" ">
      <subfield code="a">Te Rotterdam :</subfield>
      <subfield code="b">bij Nicolaas Cornel,</subfield>
      <subfield code="c">[1799]</subfield>
    </datafield>
    <datafield tag="300" ind1=" " ind2=" ">
      <subfield code="a">19, [1] p. ;</subfield>
      <subfield code="c">8-o.</subfield>
    </datafield>
    <datafield tag="336" ind1=" " ind2=" ">
      <subfield code="a">tekst</subfield>
      <subfield code="b">txt</subfield>
      <subfield code="2">rdacontent/dut</subfield>
    </datafield>
    <datafield tag="337" ind1=" " ind2=" ">
      <subfield code="a">zonder medium</subfield>
      <subfield code="b">n</subfield>
      <subfield code="2">rdamedia/dut</subfield>
    </datafield>
    <datafield tag="338" ind1=" " ind2=" ">
      <subfield code="a">band</subfield>
      <subfield code="b">nc</subfield>
      <subfield code="2">rdacarrier/dut</subfield>
    </datafield>
    <datafield tag="758" ind1=" " ind2=" ">
      <subfield code="a">Gezangen ter viering van het Pinksterfeest, ten dienste van het godsdienstig zang-gezelschap, ten spreuke hebbende, door ijver nuttig, en door het zelve gezongen, in de Episcopale kerk te Rotterdam op den 13 meij 1799 (Text)</subfield>
      <subfield code="1">https://id.oclc.org/worldcat/entity/E39PCYrV9J6WhYyYXrfP8dF3gq</subfield>
      <subfield code="4">https://id.oclc.org/worldcat/ontology/hasWork</subfield>
    </datafield>
    <datafield tag="776" ind1="0" ind2=" ">
      <subfield code="t">Gezangen ter viering van het Pinksterfeest, ten dienste van het godsdienstig zang-gezelschap, ten spreuke hebbende, door ijver nuttig, en door het zelve gezongen, in de Episcopale kerk te Rotterdam op den 13 meij 1799 ...</subfield>
      <subfield code="w">(NL-LeOCL)393480208</subfield>
    </datafield>
    <datafield tag="936" ind1=" " ind2=" ">
      <subfield code="a">BATCHLOAD</subfield>
    </datafield>
  </record>